000 00340nam a2200145Ia 4500
005 20250515030103.0
008 240331s9999 xx 000 0 und d
082 _bSIV
_a302
100 _aSivakumar, M
245 0 _aCinema oru atputha mozhi
260 _aChennai
_bSouth Vision
_c1997
300 _a339 p .,
650 _aCinema
942 _cL
999 _c1399
_d1399